Triky profesionálů propagace
Stratégia reklamy v r. 1994 sleduje "trend fokusácie" - zaostrenie na určitý typ zákazníka, na určitú cieľovú skupinu, ktorej je nutné sa čo najviac priblížiť. Typické príklady zo súčasného Nemecka.
Na minha lista:
| Formato: | Capítulo de Livro |
|---|---|
| Idioma: | tcheco |
| Assuntos: | |
| Tags: |
Sem tags, seja o primeiro a adicionar uma tag!
|
MARC
| LEADER | 00000naa a2200000 4500 | ||
|---|---|---|---|
| 001 | r015310 | ||
| 005 | 20221213082607.5 | ||
| 041 | 0 | |a cze | |
| 044 | |a CZ | ||
| 245 | 1 | 0 | |a Triky profesionálů propagace |
| 520 | |a Stratégia reklamy v r. 1994 sleduje "trend fokusácie" - zaostrenie na určitý typ zákazníka, na určitú cieľovú skupinu, ktorej je nutné sa čo najviac priblížiť. Typické príklady zo súčasného Nemecka. | ||
| 610 | 2 | 0 | |a reklama |
| 610 | 2 | 0 | |a zákazníci |
| 610 | 2 | 0 | |a Nemecko |